[Event "Mittelfranken-chTB2a 1920"]
[Site "Mittelfranken"]
[Date "2020.01.12"]
[Round "4.6"]
[White "Diller, Andreas"]
[Black "Haschemi, Said Habieb"]
[Result "1-0"]
[WhiteElo "1755"]
[BlackElo "1752"]
[PlyCount "43"]
[EventDate "2019.10.13"]
[EventType "team-tourn"]
[EventRounds "9"]
[EventCountry "GER"]
[SourceTitle "EXT 2023"]
[Source "ChessBase"]
[SourceDate "2022.10.05"]
[SourceVersion "1"]
[SourceVersionDate "2022.10.05"]
[SourceQuality "1"]
[WhiteTeam "Rothenburg II"]
[BlackTeam "Fuerth SG II"]
[WhiteTeamCountry "GER"]
[BlackTeamCountry "GER"]

1. e4 c5 2. f4 e6 3. Nf3 Nf6 4. Nc3 Nc6 5. Bb5 d6 6. Bxc6+ bxc6 7. Qe2 Be7 8. 0-0 0-0 9. b3 a5 10. d3 Ba6 11. e5 Nd5 12. Ne4 dxe5 13. fxe5 f5 14. exf6 Bxf6 15. Nxf6+ Qxf6 16. Bg5 Qg6 17. Rae1 h6 18. Bd2 Bc8 19. Ne5 Rxf1+ 20. Rxf1 Qe8 21. Qg4 Kh7 22. Rf7 1-0

[Event "Mittelfranken-chTB2a 1819"]
[Site "Mittelfranken"]
[Date "2019.02.10"]
[Round "5.2"]
[White "Diller, Andreas"]
[Black "Muenster, Erich"]
[Result "0-1"]
[WhiteElo "1771"]
[BlackElo "1976"]
[PlyCount "80"]
[EventDate "2018.10.14"]
[EventType "team-tourn"]
[EventRounds "9"]
[EventCountry "GER"]
[SourceTitle "EXT 2022"]
[Source "ChessBase"]
[SourceDate "2021.10.06"]
[SourceVersion "1"]
[SourceVersionDate "2021.10.06"]
[SourceQuality "1"]
[WhiteTeam "Rothenburg II"]
[BlackTeam "Heilsbronn"]
[WhiteTeamCountry "GER"]
[BlackTeamCountry "GER"]

1. e4 e5 2. f4 exf4 3. Nf3 d5 4. exd5 Ne7 5. Nc3 Ng6 6. d4 Be7 7. Bd3 Bh4+ 8. Kf1 0-0 9. Ne2 Bg4 10. Nxh4 Qxh4 11. Qe1 f3 12. Ng3 fxg2+ 13. Kxg2 Bh3+ 14. Kf2 Qxd4+ 15. Be3 Qf6+ 16. Ke2 Nd7 17. Ne4 Bg4+ 18. Kd2 Qxb2 19. Qg3 Nde5 20. Rhf1 Nf3+ 21. Rxf3 Bxf3 22. Qxf3 Qxa1 23. Nc3 Rae8 24. Qg3 f5 25. Qxc7 Rc8 26. Qa5 b6 27. Qb4 Qxc3+ 28. Qxc3 Rxc3 29. Kxc3 Ne5 30. Bf4 Nxd3 31. Kxd3 Kf7 32. Kd4 Ke7 33. Kc4 Rc8+ 34. Kb3 h6 35. h4 Kf6 36. c4 g5 37. hxg5+ hxg5 38. Bd6 f4 39. a4 Kf5 40. a5 g4 0-1

[Event "Mittelfranken-chTB2a 1718"]
[Site "Mittelfranken"]
[Date "2018.05.06"]
[Round "9.1"]
[White "Drees, Martin"]
[Black "Diller, Andreas"]
[Result "1-0"]
[WhiteElo "1904"]
[BlackElo "1767"]
[PlyCount "137"]
[EventDate "2017.10.08"]
[EventType "team-tourn"]
[EventRounds "9"]
[EventCountry "GER"]
[SourceTitle "EXT 2022"]
[Source "ChessBase"]
[SourceDate "2021.10.06"]
[SourceVersion "1"]
[SourceVersionDate "2021.10.06"]
[SourceQuality "1"]
[WhiteTeam "Cadolzburg"]
[BlackTeam "Rothenburg II"]
[WhiteTeamCountry "GER"]
[BlackTeamCountry "GER"]

1. e4 e6 2. Nf3 d5 3. Nc3 Nf6 4. e5 Ne4 5. Ne2 Ng5 6. Nxg5 Qxg5 7. d4 Qd8 8. Be3 b6 9. Ng3 c5 10. c3 Nc6 11. Bd3 cxd4 12. cxd4 Bb4+ 13. Bd2 Bxd2+ 14. Qxd2 0-0 15. Bxh7+ Kxh7 16. Qc2+ g6 17. Qxc6 Bd7 18. Qc3 Rc8 19. Qd2 Qh4 20. 0-0 Rc4 21. f4 Rfc8 22. Rfc1 Rxc1+ 23. Rxc1 Rxc1+ 24. Qxc1 g5 25. Ne2 Bb5 26. Nc3 Ba6 27. g3 Qg4 28. Qd1 Qxd1+ 29. Nxd1 gxf4 30. gxf4 Kg6 31. Kf2 Bd3 32. Ne3 a5 33. Kg3 b5 34. a3 b4 35. axb4 axb4 36. Ng4 Be2 37. Nf6 Kf5 38. h4 Kg6 39. Kf2 Bd1 40. Ke3 Bc2 41. Kf3 Kh6 42. Kg3 Bf5 43. Ng8+ Kh5 44. Ne7 Bh7 45. Nc6 b3 46. Na5 Bc2 47. Nb7 Kg6 48. Nd6 Bd1 49. Ne8 Kf5 50. Nf6 Kg6 51. Kf2 Kf5 52. Ke3 Kg6 53. Kd2 Bc2 54. Kc3 Kf5 55. h5 Bd1 56. Kb4 Bc2 57. Kc5 Bd3 58. Kd6 Kxf4 59. h6 Ke3 60. Kc5 Kd2 61. Kb4 Kc2 62. Ka3 Bg6 63. h7 Bxh7 64. Nxh7 Kd3 65. Ng5 Kxd4 66. Nxf7 Ke4 67. Kxb3 Kd3 68. Nd8 d4 69. Nxe6 1-0

[Event "Mittelfranken-chTB1 1718"]
[Site "Mittelfranken"]
[Date "2017.11.19"]
[Round "3.8"]
[White "Wisura, Timm"]
[Black "Diller, Andreas"]
[Result "1-0"]
[WhiteElo "1849"]
[BlackElo "1767"]
[PlyCount "73"]
[EventDate "2017.10.08"]
[EventType "team-tourn"]
[EventRounds "9"]
[EventCountry "GER"]
[SourceTitle "EXT 2022"]
[Source "ChessBase"]
[SourceDate "2021.10.06"]
[SourceVersion "1"]
[SourceVersionDate "2021.10.06"]
[SourceQuality "1"]
[WhiteTeam "Postbauer Heng"]
[BlackTeam "Rothenburg"]
[WhiteTeamCountry "GER"]
[BlackTeamCountry "GER"]

1. f4 e6 2. e3 d5 3. d4 Nf6 4. Nd2 c5 5. c3 Nc6 6. Bd3 Bd6 7. Ngf3 Qb6 8. Ne5 Bd7 9. Ndf3 h6 10. Nxd7 Nxd7 11. Ne5 Bxe5 12. fxe5 0-0-0 13. Qg4 Rdf8 14. a3 h5 15. Qe2 f6 16. exf6 Rxf6 17. Rf1 c4 18. Bc2 Rhf8 19. Rxf6 Nxf6 20. e4 e5 21. exd5 exd4 22. Qxc4 dxc3 23. Bf5+ Kd8 24. dxc6 Qg1+ 25. Ke2 Qxg2+ 26. Ke1 Qg1+ 27. Ke2 Re8+ 28. Be6 Qg2+ 29. Kd1 Qg1+ 30. Kc2 Qg6+ 31. Kb3 bxc6 32. Qxc6 Ke7 33. Bf4 Ne4 34. Qd7+ Kf8 35. Bd6+ Nxd6 36. Qxd6+ Re7 37. Rf1+ 1-0

[Event "Mittelfranken-chTB2a 1718"]
[Site "Mittelfranken"]
[Date "2017.10.08"]
[Round "1.1"]
[White "Diller, Andreas"]
[Black "Wenke, Oldrich"]
[Result "1-0"]
[WhiteElo "1767"]
[BlackElo "2055"]
[PlyCount "91"]
[EventDate "2017.10.08"]
[EventType "team-tourn"]
[EventRounds "9"]
[EventCountry "GER"]
[SourceTitle "EXT 2022"]
[Source "ChessBase"]
[SourceDate "2021.10.06"]
[SourceVersion "1"]
[SourceVersionDate "2021.10.06"]
[SourceQuality "1"]
[WhiteTeam "Rothenburg II"]
[BlackTeam "Treuchtlingen/Wet SG"]
[WhiteTeamCountry "GER"]
[BlackTeamCountry "GER"]

1. e4 e5 2. f4 d5 3. exd5 e4 4. Nc3 Nf6 5. d3 Bb4 6. Bd2 e3 7. Bxe3 Qe7 8. Qe2 0-0 9. Bd2 Qd6 10. Ne4 Bxd2+ 11. Qxd2 Re8 12. 0-0-0 Nxe4 13. dxe4 Rxe4 14. Bd3 Rxf4 15. Ne2 Rf6 16. Ng3 Qf4 17. Qxf4 Rxf4 18. Rde1 Kf8 19. Re3 Nd7 20. Rhe1 g6 21. Ne4 Ne5 22. Nc5 f6 23. Bb5 a6 24. Ba4 Rc4 25. Rc3 Rxc3 26. bxc3 b5 27. Bb3 Bf5 28. a4 Ke7 29. c4 b4 30. h3 h5 31. Kd2 a5 32. Nd3 Bxd3 33. cxd3 Kf7 34. d4 Nd7 35. c5 Kf8 36. Re6 Re8 37. Rc6 Re4 38. Kd3 Re7 39. Ra6 Kg7 40. Rxa5 f5 41. Ra7 f4 42. d6 cxd6 43. c6 Ne5+ 44. dxe5 Rxa7 45. exd6 Kf6 46. c7 1-0

[Event "Mittelfranken-ch QT 66th"]
[Site "Uttenreuth"]
[Date "2017.04.12"]
[Round "2"]
[White "Diller, Andreas"]
[Black "Luther, Helmut"]
[Result "0-1"]
[WhiteElo "1894"]
[BlackElo "2006"]
[PlyCount "38"]
[EventDate "2017.04.12"]
[EventType "swiss"]
[EventRounds "7"]
[EventCountry "GER"]
[SourceTitle "EXT 2020"]
[Source "ChessBase"]
[SourceDate "2019.10.17"]
[SourceVersion "1"]
[SourceVersionDate "2019.10.17"]
[SourceQuality "1"]

1. e4 d5 2. e5 Bf5 3. f4 e6 4. Nf3 c5 5. d4 Nc6 6. Nc3 a6 7. Na4 cxd4 8. Nxd4 Nxd4 9. Qxd4 Bxc2 10. Nb6 Rb8 11. Bd2 Ne7 12. b3 Nc6 13. Qf2 Be7 14. Rc1 Be4 15. Qe3 0-0 16. Bxa6 bxa6 17. Rxc6 Bxg2 18. Rg1 d4 19. Qg3 Bh4 0-1

[Event "Mittelfranken-chTB2a 1516"]
[Site "Mittelfranken"]
[Date "2015.11.08"]
[Round "2.2"]
[White "Diller, Andreas"]
[Black "Koerber, Christian"]
[Result "1-0"]
[WhiteElo "1745"]
[BlackElo "1671"]
[PlyCount "49"]
[EventDate "2015.10.18"]
[EventType "team-tourn"]
[EventRounds "9"]
[EventCountry "GER"]
[SourceTitle "EXT 2020"]
[Source "ChessBase"]
[SourceDate "2019.10.17"]
[SourceVersion "1"]
[SourceVersionDate "2019.10.17"]
[SourceQuality "1"]
[WhiteTeam "Rothenburg II"]
[BlackTeam "Nuernberg Sued SW IV"]
[WhiteTeamCountry "GER"]
[BlackTeamCountry "GER"]

1. e4 b6 2. f4 Bb7 3. Nc3 e6 4. d3 Bb4 5. Bd2 Nf6 6. a3 Bxc3 7. Bxc3 d5 8. e5 Nfd7 9. Qg4 Rg8 10. Nf3 c5 11. Be2 d4 12. Bd2 Qe7 13. b4 Nc6 14. b5 Nd8 15. c3 dxc3 16. Bxc3 a5 17. Nd2 Bd5 18. Nc4 Bxc4 19. dxc4 Nf8 20. 0-0 Ng6 21. Rad1 Nh4 22. Bf3 Nxf3+ 23. Qxf3 Nb7 24. Qc6+ Kf8 25. Rd7 1-0

[Event "Mittelfranken-ch QT"]
[Site "Nuremberg"]
[Date "2015.04.03"]
[Round "6"]
[White "Diller, Andreas"]
[Black "Hoffmann, Sebastian"]
[Result "1-0"]
[WhiteElo "1572"]
[BlackElo "1796"]
[PlyCount "63"]
[EventDate "2015.04.01"]
[EventType "swiss"]
[EventRounds "7"]
[EventCountry "GER"]
[SourceTitle "CBM 166 Extra"]
[Source "ChessBase"]
[SourceDate "2015.06.18"]
[SourceVersion "1"]
[SourceVersionDate "2015.06.18"]
[SourceQuality "1"]

1. e4 e5 2. f4 Qh4+ 3. g3 Qe7 4. fxe5 d6 5. Nc3 dxe5 6. Nf3 Nc6 7. Bb5 a6 8. Nd5 Qd8 9. Bxc6+ bxc6 10. Ne3 f6 11. Nxe5 fxe5 12. Qh5+ Kd7 13. Nc4 Bd6 14. Qg4+ Ke8 15. Qxg7 Qf6 16. Nxd6+ cxd6 17. Qc7 Ne7 18. Rf1 Qg6 19. d3 Qe6 20. Bg5 Qd7 21. Qa5 h6 22. Bf6 Rf8 23. 0-0-0 Ng6 24. d4 exd4 25. Qh5 Qh7 26. Rxd4 Rf7 27. Rxd6 Rd7 28. Re6+ Kf7 29. Bd8+ Kg7 30. Bf6+ Kg8 31. Bd4 Rg7 32. Re8+ 1-0

[Event "Mittelfranken-ch QT"]
[Site "Nuremberg"]
[Date "2015.04.01"]
[Round "1"]
[White "Birkmann, Guenther"]
[Black "Diller, Andreas"]
[Result "0-1"]
[WhiteElo "2052"]
[BlackElo "1572"]
[PlyCount "80"]
[EventDate "2015.04.01"]
[EventType "swiss"]
[EventRounds "7"]
[EventCountry "GER"]
[SourceTitle "CBM 166 Extra"]
[Source "ChessBase"]
[SourceDate "2015.06.18"]
[SourceVersion "1"]
[SourceVersionDate "2015.06.18"]
[SourceQuality "1"]

1. Nf3 e6 2. c4 d5 3. d4 Nf6 4. g3 c6 5. Qc2 Bd6 6. b3 Nbd7 7. Bb2 0-0 8. Nbd2 Qc7 9. Bg2 Re8 10. Rc1 Nf8 11. 0-0 Ng6 12. Rfe1 Bd7 13. e4 dxe4 14. Nxe4 Nxe4 15. Qxe4 Qa5 16. Qc2 c5 17. dxc5 Bxc5 18. a3 Qc7 19. b4 Be7 20. h4 Rac8 21. h5 Nf8 22. h6 Bf6 23. hxg7 Bxg7 24. Bxg7 Kxg7 25. Qc3+ Kg8 26. Ne5 f5 27. Rcd1 Ba4 28. Rd4 Ng6 29. Nxg6 hxg6 30. Rh4 Qg7 31. Qxg7+ Kxg7 32. Bxb7 Rcd8 33. c5 Re7 34. Ba6 g5 35. Rc4 Rd3 36. Ra1 Kf8 37. b5 Bb3 38. Rb4 Bd5 39. b6 Rh7 40. Bxd3 Rh1# 0-1

[Event "Mittelfranken-ch QT"]
[Site "Nuremberg"]
[Date "2015.04.01"]
[Round "2"]
[White "Diller, Andreas"]
[Black "Cordts, Elof"]
[Result "1/2-1/2"]
[WhiteElo "1572"]
[BlackElo "1779"]
[PlyCount "79"]
[EventDate "2015.04.01"]
[EventType "swiss"]
[EventRounds "7"]
[EventCountry "GER"]
[SourceTitle "CBM 166 Extra"]
[Source "ChessBase"]
[SourceDate "2015.06.18"]
[SourceVersion "1"]
[SourceVersionDate "2015.06.18"]
[SourceQuality "1"]

1. e4 c5 2. f4 d5 3. e5 Nc6 4. Bb5 Bd7 5. c3 Qb6 6. Ba4 Rd8 7. Nf3 e6 8. d3 Nge7 9. Nbd2 Nf5 10. Qe2 Be7 11. Bc2 d4 12. Ne4 0-0 13. Ng3 Bc8 14. Nxf5 exf5 15. c4 Nb4 16. a3 Nxc2+ 17. Qxc2 Qg6 18. 0-0 b6 19. Bd2 Bd7 20. b4 Qg4 21. b5 Ra8 22. Rfe1 Bc8 23. a4 Bb7 24. Rf1 h5 25. a5 Kh7 26. a6 Bc8 27. Rac1 Be6 28. h3 Qg6 29. Ng5+ Bxg5 30. fxg5 Rae8 31. Bf4 f6 32. gxf6 gxf6 33. Rf3 Rg8 34. Rg3 Qf7 35. Rxg8 Rxg8 36. exf6 Qxf6 37. Qe2 Qg6 38. g3 Re8 39. Qf2 Kg8 40. h4 1/2-1/2

[Event "Forchheim op-B 13th"]
[Site "Forchheim"]
[Date "2014.10.03"]
[Round "2"]
[White "Winkelmeier, Alfred"]
[Black "Diller, Andreas"]
[Result "0-1"]
[WhiteElo "1744"]
[BlackElo "1572"]
[PlyCount "126"]
[EventDate "2014.10.03"]
[EventType "swiss"]
[EventRounds "5"]
[EventCountry "GER"]
[SourceTitle "EXT 2019"]
[Source "ChessBase"]
[SourceDate "2018.10.10"]
[SourceVersion "1"]
[SourceVersionDate "2018.10.10"]
[SourceQuality "1"]

1. e4 e6 2. b3 d5 3. Bb2 Nf6 4. e5 Nfd7 5. Nf3 c5 6. g3 Nc6 7. Qe2 Be7 8. Bg2 h5 9. h4 Qc7 10. 0-0 b6 11. Re1 a5 12. a4 Ba6 13. d3 Rc8 14. Nbd2 Nb4 15. Nf1 c4 16. dxc4 dxc4 17. Qd1 cxb3 18. cxb3 Nd3 19. Re2 Nxb2 20. Rxb2 Nxe5 21. Ne3 0-0 22. Rc2 Bc5 23. Ng5 g6 24. Ne4 Qe7 25. Nxc5 Rxc5 26. Rac1 Rd8 27. Rd2 Rxd2 28. Qxd2 Rxc1+ 29. Qxc1 Bb7 30. Qc3 Nf3+ 31. Kh1 Qd7 32. Qf6 Nd2 33. Qf4 Bxg2+ 34. Nxg2 Nxb3 35. Qb8+ Kg7 36. Qxb6 Qxa4 37. Ne3 Qa1+ 38. Kg2 a4 39. Nc4 Qd4 40. Qa6 Nc5 41. Qb5 Nd3 42. Ne3 a3 43. Qb1 Qe4+ 44. Kg1 Qd4 45. Kg2 Nxf2 46. Kxf2 Qb2+ 47. Qc2 Qxc2+ 48. Nxc2 a2 49. Ke3 Kf6 50. Ke4 g5 51. hxg5+ Kxg5 52. Kf3 f5 53. Na1 e5 54. Nc2 e4+ 55. Kg2 f4 56. gxf4+ Kxf4 57. Kf2 h4 58. Na1 h3 59. Nc2 e3+ 60. Kg1 e2 61. Kh2 a1Q 62. Nxa1 e1Q 63. Nc2 Qg3+ 0-1

[Event "Mittelfranken-chTB2a 1112"]
[Site "Germany"]
[Date "2011.10.23"]
[Round "2.8"]
[White "Diller, Andreas"]
[Black "Hollmann, Thomas"]
[Result "1/2-1/2"]
[WhiteElo "1499"]
[BlackElo "1446"]
[PlyCount "68"]
[EventDate "2011.09.25"]
[EventType "team-tourn"]
[EventRounds "9"]
[EventCountry "GER"]
[SourceTitle "EXT 2013"]
[Source "ChessBase"]
[SourceDate "2012.11.22"]
[SourceVersion "1"]
[SourceVersionDate "2012.11.22"]
[SourceQuality "1"]
[WhiteTeam "Rothenburg"]
[BlackTeam "Buechenbach/Roth III"]
[WhiteTeamCountry "GER"]
[BlackTeamCountry "GER"]

1. e4 e6 2. f4 d5 3. exd5 exd5 4. Nf3 Bd6 5. d3 Nc6 6. Be2 Nf6 7. 0-0 0-0 8. Nc3 Ne7 9. Ne5 c6 10. Be3 Nf5 11. Bf2 Qc7 12. d4 Bb4 13. g4 Bxc3 14. bxc3 Nd6 15. Qd3 Bd7 16. Nxd7 Qxd7 17. f5 Rfe8 18. Bh4 Nfe4 19. Bf3 Nc4 20. Rfe1 Ned6 21. f6 g6 22. Re7 Rxe7 23. fxe7 Re8 24. Re1 Nc8 25. Qe2 N4d6 26. Bf6 Nxe7 27. Qd2 Nec8 28. g5 Nb6 29. Be5 Re6 30. Bg4 Nf5 31. Bxf5 gxf5 32. Qf4 Re7 33. Rf1 Nc4 34. Bf6 Re2 1/2-1/2

[Event "Forchheim op 10th"]
[Site "Forchheim"]
[Date "2011.10.09"]
[Round "4"]
[White "Diller, Andreas"]
[Black "Myagkov, Kirill"]
[Result "1/2-1/2"]
[WhiteElo "1502"]
[BlackElo "1841"]
[PlyCount "26"]
[EventDate "2011.10.07"]
[EventType "swiss"]
[EventRounds "5"]
[EventCountry "GER"]
[SourceTitle "CBM 144 Extra"]
[Source "ChessBase"]
[SourceDate "2011.10.28"]
[SourceVersion "1"]
[SourceVersionDate "2011.10.28"]
[SourceQuality "1"]

1. e4 e5 2. f4 d5 3. exd5 exf4 4. Nf3 Bg4 5. Bb5+ c6 6. dxc6 Nxc6 7. Bxc6+ bxc6 8. 0-0 Bc5+ 9. Kh1 Ne7 10. d3 Nd5 11. d4 Be7 12. Nc3 Ne3 13. Bxe3 fxe3 1/2-1/2

[Event "Forchheim op 10th"]
[Site "Forchheim"]
[Date "2011.10.08"]
[Round "3"]
[White "Nagy, Laura"]
[Black "Diller, Andreas"]
[Result "1-0"]
[WhiteElo "1909"]
[BlackElo "1502"]
[PlyCount "120"]
[EventDate "2011.10.07"]
[EventType "swiss"]
[EventRounds "5"]
[EventCountry "GER"]
[SourceTitle "CBM 144 Extra"]
[Source "ChessBase"]
[SourceDate "2011.10.28"]
[SourceVersion "1"]
[SourceVersionDate "2011.10.28"]
[SourceQuality "1"]

1. e4 e6 2. d4 d5 3. Nd2 Nf6 4. exd5 exd5 5. Ngf3 Bd6 6. Bd3 0-0 7. 0-0 Bg4 8. h3 Bh5 9. c3 Nbd7 10. Qc2 Bg6 11. Nh4 Bxd3 12. Qxd3 Re8 13. Nf5 Nf8 14. Nf3 Ng6 15. Nxd6 Qxd6 16. Be3 Ne4 17. Nd2 c6 18. Nf3 Nf4 19. Bxf4 Qxf4 20. Ne5 Re6 21. g3 Qh6 22. Kg2 Rae8 23. f3 Qd2+ 24. Qxd2 Nxd2 25. Rf2 f6 26. Nxc6 bxc6 27. Rxd2 Re2+ 28. Rxe2 Rxe2+ 29. Kf1 Rxb2 30. c4 dxc4 31. Rc1 Rb4 32. Rc3 Kf7 33. Ra3 Ke6 34. Ke2 Rb7 35. Kd2 Kd5 36. Kc3 Re7 37. Ra5+ Kd6 38. Kxc4 g6 39. Kd3 h6 40. h4 Rb7 41. h5 g5 42. g4 Ke6 43. Ra6 Kd5 44. Ra5+ Ke6 45. Kc4 Kd6 46. Ra6 Rc7 47. d5 Kd7 48. dxc6+ Rxc6+ 49. Kb5 Rxa6 50. Kxa6 Ke6 51. Kxa7 f5 52. Kb6 fxg4 53. fxg4 Ke5 54. a4 Kf4 55. a5 Kxg4 56. a6 Kxh5 57. a7 g4 58. a8Q Kh4 59. Qh1+ Kg3 60. Qxh6 Kf3 1-0

[Event "Mittelfranken-chTB2a 1112"]
[Site "Germany"]
[Date "2011.09.25"]
[Round "1.8"]
[White "Korn, Lukas Alexander"]
[Black "Diller, Andreas"]
[Result "0-1"]
[WhiteElo "1594"]
[BlackElo "1499"]
[PlyCount "76"]
[EventDate "2011.09.25"]
[EventType "team-tourn"]
[EventRounds "9"]
[EventCountry "GER"]
[SourceTitle "EXT 2013"]
[Source "ChessBase"]
[SourceDate "2012.11.22"]
[SourceVersion "1"]
[SourceVersionDate "2012.11.22"]
[SourceQuality "1"]
[WhiteTeam "Grossenseebach"]
[BlackTeam "Rothenburg"]
[WhiteTeamCountry "GER"]
[BlackTeamCountry "GER"]

1. e4 e6 2. d4 d5 3. Nc3 dxe4 4. Nxe4 Nf6 5. Nxf6+ Qxf6 6. Nf3 h6 7. Bd3 Nc6 8. c3 Bd6 9. 0-0 0-0 10. Be3 Ne7 11. Qc2 Nf5 12. Rae1 Bd7 13. Ne5 Rad8 14. Bxf5 exf5 15. Bf4 Bc8 16. h3 g5 17. Bh2 f4 18. g4 h5 19. f3 c5 20. Kg2 hxg4 21. hxg4 Rfe8 22. Nd3 cxd4 23. Bg1 dxc3 24. bxc3 Qh6 25. Bd4 Bxg4 26. fxg4 f3+ 27. Rxf3 Qh2+ 28. Kf1 Qxc2 29. Rh3 Rxe1+ 30. Nxe1 Qh7 31. Rxh7 Kxh7 32. Nf3 Kg6 33. Ke2 f5 34. gxf5+ Kxf5 35. Kf2 a6 36. Ke2 Bf4 37. Kf2 Ke4 38. Nd2+ Bxd2 0-1

[Event "Mittelfranken-chTB2a 1011"]
[Site "Germany"]
[Date "2011.03.13"]
[Round "7.8"]
[White "Vinokur, Mykhaylo"]
[Black "Diller, Andreas"]
[Result "1-0"]
[WhiteElo "1668"]
[BlackElo "1369"]
[PlyCount "99"]
[EventDate "2010.09.26"]
[EventType "team-tourn"]
[EventRounds "9"]
[EventCountry "GER"]
[SourceTitle "EXT 2012"]
[Source "ChessBase"]
[SourceDate "2011.11.24"]
[SourceVersion "1"]
[SourceVersionDate "2011.11.24"]
[SourceQuality "1"]
[WhiteTeam "Fuerth II"]
[BlackTeam "Rothenburg/Tauber"]
[WhiteTeamCountry "GER"]
[BlackTeamCountry "GER"]

1. c4 Nf6 2. Nc3 e6 3. Nf3 d5 4. cxd5 Nxd5 5. Nxd5 Qxd5 6. d3 Bb4+ 7. Bd2 Bxd2+ 8. Qxd2 0-0 9. g3 b6 10. Bg2 Bb7 11. Nh4 Qxg2 12. Nxg2 Bxg2 13. Rg1 Bb7 14. Qf4 Na6 15. a3 e5 16. Qc4 Rad8 17. f3 Rd4 18. Qc3 Rfd8 19. Kf2 Nc5 20. b4 Ne6 21. Rge1 c5 22. Rac1 R4d5 23. Red1 Nd4 24. Qb2 Ne6 25. Rc3 h5 26. Rdc1 Bc6 27. Rd1 Bb7 28. Rc2 Bc6 29. b5 Bb7 30. Rc4 Nd4 31. a4 f5 32. Ra1 R5d7 33. Rd1 f4 34. Rg1 Re8 35. h4 Rf7 36. g4 hxg4 37. Rxg4 Nf5 38. Rc1 Ng3 39. Rg5 Rfe7 40. Qa2+ Kh7 41. a5 e4 42. dxe4 Bxe4 43. fxe4 Nxe4+ 44. Kf3 Nxg5+ 45. hxg5 Re3+ 46. Kf2 Rh3 47. Qc2+ Kh8 48. axb6 axb6 49. Re1 f3 50. Qf5 1-0

[Event "Mittelfranken-chT 0405"]
[Site "Germany"]
[Date "2004.12.05"]
[Round "3.8"]
[White "Diller, Andreas"]
[Black "Goetz, Martin"]
[Result "0-1"]
[WhiteElo "1451"]
[BlackElo "1914"]
[PlyCount "48"]
[EventDate "2004.10.17"]
[EventType "team"]
[EventRounds "9"]
[EventCountry "GER"]
[SourceTitle "EXT 2007"]
[Source "ChessBase"]
[SourceDate "2006.11.23"]
[SourceVersion "1"]
[SourceVersionDate "2006.11.23"]
[SourceQuality "1"]

1. e4 c5 2. f4 Nc6 3. Nf3 e6 4. d4 cxd4 5. Nxd4 Bc5 6. c3 Qb6 7. Nxc6 Bf2+ 8. Ke2 bxc6 9. b3 Nf6 10. Qd3 d5 11. Be3 Bxe3 12. Qxe3 Nxe4 13. g4 Ba6+ 14. c4 Bxc4+ 15. bxc4 Qb2+ 16. Kf3 Qxa1 17. cxd5 exd5 18. Bd3 0-0 19. Bxe4 dxe4+ 20. Qxe4 Rab8 21. Qc2 Rb2 22. Qd3 Qxa2 23. Re1 Rxh2 24. Nc3 Qf2+ 0-1